Whither India?: whither mankind: a normative prognosis based on a new personality theory and a new image of man (Record no. 492243)

000 -LEADER
fixed length control field 00454cam a22001337a 4500
008 - FIXED-LENGTH DATA ELEMENTS--GENERAL INFORMATION
fixed length control field 180718b1996 xxu||||| |||| 00| 0 eng d
020 ## - INTERNATIONAL STANDARD BOOK NUMBER
International Standard Book Number 8174560300
082 ## - DEWEY DECIMAL CLASSIFICATION NUMBER
Classification number K937 A42
100 ## - MAIN ENTRY--PERSONAL NAME
Personal name Asianand
245 ## - TITLE STATEMENT
Title Whither India?: whither mankind: a normative prognosis based on a new personality theory and a new image of man
Statement of responsibility, etc. by Asianand
260 ## - PUBLICATION, DISTRIBUTION, ETC.
Place of publication, distribution, etc. New Delhi
Name of publisher, distributor, etc. Indian Institute of Ecology and Environment
Date of publication, distribution, etc. 1996
300 ## - PHYSICAL DESCRIPTION
Extent 323p.
650 ## - SUBJECT ADDED ENTRY--TOPICAL TERM
Topical term or geographic name entry element Personality
Holdings
Withdrawn status Lost status Damaged status Not for loan Permanent Location Current Location Date acquired Full call number Barcode Date last seen Price effective from Koha item type
        Indian Institute of Public Administration Indian Institute of Public Administration 2018-08-04 K937 A42 GR15278 2018-08-04 2018-08-04 GR

Powered by Koha